| 000 | 00886nam a2200289 a 4500 | ||
|---|---|---|---|
| 001 | 22558 | ||
| 003 | SK-KTurca | ||
| 005 | 20260401101900.0 | ||
| 008 | 990924s1999 xo 000 1 slo c | ||
| 020 | _a8071186996 (viaz.) | ||
| 035 | _aUKB000245114 | ||
| 040 |
_aBAA001 _bslo _cBAA001 _eAACR2 |
||
| 041 | 1 |
_aslo _heng |
|
| 044 |
_axo _cSK |
||
| 080 | _a820(73)-31 | ||
| 100 | 1 | _aWoodiwiss, Kathleen E. | |
| 245 | 0 | 0 |
_aVlk a holubica _cKathleen E. Woodiwissová ; [z angl. orig. prel. Melita Albrechtová a Martin Albrecht] |
| 260 |
_aBratislava _bIkar _c1999 |
||
| 300 | _a366 s | ||
| 650 | 0 | 7 |
_aliteratúra americká _xromány ľúbostné |
| 650 | 0 | 7 | _aromány ľúbostné americké |
| 653 | _a820(73)-31 | ||
| 700 | 1 |
_aAlbrechtová, Melita _4trl |
|
| 700 | 1 |
_aAlbrecht, Martin _4trl |
|
| 765 | 0 |
_t<<The>> wolf and the dove _aWoodiwiss, Kathleen E. |
|
| 942 |
_2ddc _cKLDO _n0 |
||
| 999 |
_c22558 _d22558 |
||